000 00287nam a22001337a 4500
008 170810b xxu||||| |||| 00| 0 eng d
020 _a9780841234628
041 _aeng
080 _a004
100 _a35
101 _aSHKI
245 _aTHE ACS STYLE GUIDE
_cDODD, S
942 _2udc
_cBK
999 _c23125
_d23125